LEADER 01030cam2-22003371i-450 001 990005874520403321 005 20170320160318.0 010 $a84-8164-236-3 035 $a000587452 035 $aFED01000587452 035 $a(Aleph)000587452FED01 035 $a000587452 100 $a20000421d1998----km-y0itay50------ba 101 0 $aspa 102 $aES 105 $ay-------001yy 200 1 $a<<5.: La >>obra poética del conde de Salinas$fLuis Rosales$gedición de Antonia Maria Ortiz Ballesteros 210 $aMadrid$cEditorial Trotta$d1998 215 $a585 p.$cill.$d23 cm 461 0$1001000926938$12001$aObras completas$v5 610 0 $aSilva y Mendoza, Diego de 676 $a864.64$v22$zita 700 1$aRosales,$bLuis$0377432 702 1$aOrtiz Ballesteros,$bAntonia Maria 801 0$aIT$bUNINA$gRICA$2UNIMARC 901 $aBK 912 $a990005874520403321 952 $a864.64 ROS 1(5)$bBibl.29977$fFLFBC 959 $aFLFBC 996 $aObra poética del conde de Salinas$9564092 997 $aUNINA LEADER 01065oam 2200373z- 450 001 9910149396903321 005 20170425083155.0 010 $a1-62973-412-8 035 $a(CKB)3710000000933495 035 $a(EXLCZ)993710000000933495 100 $a20210505c2016uuuu -u- - 101 0 $aeng 135 $aur||||||||||| 200 10$aResist /$fIlima Todd 210 $cShadow Mountain 311 $a1-62972-104-2 330 $aHaving been rescued, remade, and returned to Freedom, Theron chooses to be a healer and falls in love with a captured rebel. 606 $aHealers$vFiction 606 $aFreedom$vFiction 606 $aGovernment, Resistance to$vFiction 606 $aLove$vFiction 606 $aScience fiction 608 $aScience fiction.$2lcgft 615 1$aHealers 615 1$aFreedom 615 1$aGovernment, Resistance to 615 1$aLove 615 1$aScience fiction. 676 $a[Fic] 700 $aTodd$b Ilima$01243527 906 $aBOOK 912 $a9910149396903321 996 $aResist$92887035 997 $aUNINA